000 00543nam a2200181Ia 4500
005 20250326142933.0
008 250326s9999 xx 000 0 und d
037 _aTextbook
040 _aFMSL
_beng
_cFMSL
041 _aeng
_2eng
084 _aB2893P M5
_qFMSL
100 _aBest M J
_9457870
245 0 _aLinear programming active set analysis and computer programs
_cBest M J; Ritter K
260 _aNew Jersey
_bNew Jersey, Prentice-Hall
_c1985
300 _a368p
942 _cTB
_hB2893P M5
999 _c1297356
_d1297356